02245pam a22003251i 4500001001900000003000600019005001700025006001900042007001500061008004100076015001900117020001800136040004600154041000800200100003500208245009400243264004700337300004400384500003800428505034900466506018600815520052301001540017001524588005601694650002801750650002301778942000801801952009501809999001501904991025425058107026UkOxU20250616095153.0m || d | cr |||||||||||230314r20232021enk o 000|0|eng|d aGBC3602502bnb a9781786278968 aStDuBDSbengerdaepncStDuBDSdUkdUkOxU aeng aBoswell, Lisa,eauthor.92540314aThe modern oracle b: fortune telling and divination for the real world c/ Lisa Boswell. 1aLondon :bLaurence King Publishing,c2023. a192 pages : color illustrations ; 20 cm aPreviously issued in print: 2021. aSeeing signs — Crystal ball scrying — Pendulum dowsing — Reading Lenormand cards — Reading tarot cards — Crystals — Numerology — Dream interpretation — Tea leaf reading — Runes — Astrology — Palmistry — Casting — Conclusion: becoming a diviner — The A-Z of divination — List of symbols and meanings.1 aLegal Deposit;cOnly available on premises controlled by the deposit library and to one user at any one time;eThe Legal Deposit Libraries (Non-Print Works) Regulations (UK).5UkOxU a"Discover your fortune, change your destiny. Use your star sign to reach your fitness goals, kickstart your career with crystal energy, sort out of your love life with tarot or embark on some deep self-reflection with palmistry. With expert guidance from a fourth-generation Romany-Gypsy psychic and diviner, The Modern Oracle will teach you the key methods of fortune telling and divination, helping you answer life's big questions and solve everyday dramas. Find out what your future holds"--Publisher's description. aRestricted: Printing from this resource is governed by The Legal Deposit Libraries (Non-Print Works) Regulations (UK) and UK copyright law currently in force.5UkOxU aDescription based on CIP data; resource not viewed. 0aFortune-telling.925404 0aDivination.925405 2lcc 00102lcc4070aTBSbTBSd2025-06-12l0oBF1845 BOSpB07548r2025-06-12t1w2025-06-12y1 c4725d4725